Statistics for Once Upon A Time Family Tree

Click here to take the quiz!

General Stats

  • This quiz has been taken 305 times
  • The average score is 38 of 75

Answer Stats

No.HintAnswer% Correct
1.The SaviourEmma Swan
100%
2.Above's sonHenry Mills
99%
3.Above's Adoptive motherRegina Mills
98%
4.No.1's motherMary Margaret
96%
5.Above's husbandDavid Nolan
93%
6.Above's twin brotherPrince James
88%
12.No. 3's motherCora Mills
82%
15.No. 12's first born daughterZelena
80%
24.No. 22's second wifeBelle French
77%
22.Above's fatherMr Gold
77%
21.No. 2's fatherNeal Cassidy
76%
29.No. 23's lover and No.1's husbandKillian Jones
75%
27.No 22's fatherPeter Pan
75%
31.No. 3's partnerRobin Hood
73%
13.Above's husbandHenry Mills
72%
14.No. 3's fianceDaniel
66%
43.No. 1's wooden friendAugust
65%
23.Above's first wifeMilah
64%
9.No. 6's lover and giant slayerJack
62%
32.Above's wifeMarian
61%
33.Above's sonRoland
60%
10.No. 4's motherEva
59%
34.Daughter of No. 31 and 15Robin
59%
7.No. 5 and 6's biological motherRuth
59%
28.No. 22's motherBlack Fairy
57%
46.No. 1 and 3's loverGraham
56%
17.No. 15's loverHades
56%
35.Adoptive/Fostered mother of No. 1Ingrid
56%
40.Above's sisterAnna
55%
45.Above's conscience and friendArchie Hopper
55%
39.Above's eldest daughterElsa
55%
41.Above's husbandKristoff
55%
26.No. 22 and 25's sonGideon
54%
11.No. 10 and 3's husbandLeopold
54%
25.Above's fatherMoe French
54%
8.No. 5 and 6's adoptive fatherKing George
53%
52.Fell in love with No. 51Grumpy
52%
18.Above's brotherZeus
52%
30.Above's brotherLiam Jones
50%
65.Warrior friend of No. 24Mulan
50%
62.Best friend of No. 4Ruby
50%
48.Fairy Godmother of No. 26Blue
48%
42.No. 40's fianceHans
48%
50.No. 48's green fairy friendTinkerbell
48%
19.Above's sonHercules
47%
67.Above's wifeAurora
45%
66.Prince under the protection of No. 65Prince Philip
44%
64.Above's motherGranny
42%
16.Above's fatherJonathan
40%
44.Above's fatherMarco
38%
36.Above's sisterHelga
37%
47.In love with No. 3Sidney Glass
37%
20.Above's partnerMegara
36%
54.Above's brotherSneezy
36%
55.Above's brotherSleepy
33%
51.No 48's pink fairy friendNova
32%
59.Above's brotherDoc
31%
56.Above's brotherHappy
31%
53.Above's brother (deceased)Stealthy
31%
37.Above's sisterGerda
30%
75.Shared true love's kiss with No. 62Dorothy
27%
73.Wizard communicating with No. 71Merlin
27%
60.Above's giant brotherTiny
27%
61.New York fiance of No.1Walsh
27%
57.Above's brotherBashful
26%
58.Above's brotherDopey
25%
71.Above's friend and KingKing Arthur
25%
68.Trained in combat with No. 65Merida
24%
49.Fairy Godmother of No. 22Tiger Lily
24%
70.Officiated the wedding of No. 4 and 5Lancelot
22%
63.Above's motherAnita
18%
74.Above's partnerNimue
15%
72.Above's wifeGuinevere
14%
69.Above's fatherKing Fergus
13%
38.Above's husbandKai
11%

Score Distribution

Percentile by Number Answered

Percent of People with Each Score

Your Score History

You have not taken this quiz